Řízení jakosti a metrologie : návody do cvičení /

Hlavní autor: Martinek, Antonín
Další autoři: Vačkář, Josef, 1942-, Materna, František
Jazyk: Čeština
Vydáno: Brno : VUT, 1983
Vydání: 1. vyd.
Témata:
Fyzický popis: 66 s. : ilb. ; 30 cm
Knihy
Uloženo v:
LEADER 01199nam a22003492a 4500
001 000925179
003 CZ BrMZK
005 20081218104238.0
007 ta
008 081218s1983 xr a er|||||||||||cze d
015 |a cnb000000246 
020 |q (Brož.) :  |c 6,50 Kčs 
035 |a (OCoLC)39563664 
040 |a ABA001  |b cze  |d ABA001  |d BOA001 
080 9 |a 658.562 
080 9 |a 620.1 
100 1 |a Martinek, Antonín  |4 aut 
245 1 0 |a Řízení jakosti a metrologie :  |b návody do cvičení /  |c Antonín Martinek, František Materna, Josef Vačkář 
250 |a 1. vyd. 
260 |a Brno :  |b VUT,  |c 1983  |e (Gottwaldov :  |f MTZ) 
300 |a 66 s. :  |b ilb. ;  |c 30 cm 
500 |a 300 výt. 
504 |a Obsahuje bibliografii 
700 1 |a Vačkář, Josef,  |d 1942-  |7 xx0037551  |4 aut 
700 1 |a Materna, František  |4 aut 
910 |a BOA001  |b 4-0857.472 
964 |a Metrologie - praktika 
964 |a Technická kontrola - strojírenství - praktika 
990 |a BK 
991 |b 200812 
996 6 |b BC-629883  |c 4-0857.472  |l MZK  |r Sklad / do 1 hodiny  |n 0  |w 000925179  |u 000010  |a 1  |e BOA001  |j MZK50  |s P 
996 6 |b BC-629884  |c 4-0857.472  |l MZK  |r Sklad / do 1 hodiny  |n 0  |w 000925179  |u 000020  |a 1  |e BOA001  |j MZK50  |s P